पुन: पधारे / (Record no. 112394)

MARC details
000 -LEADER
fixed length control field 01005nam a22002537a 4500
005 - DATE AND TIME OF LATEST TRANSACTION
control field 20170124102938.0
010 ## - LIBRARY OF CONGRESS CONTROL NUMBER
LC control number A-742253
020 ## - INTERNATIONAL STANDARD BOOK NUMBER
Terms of availability 50.00
International Standard Book Number 8185045321
035 ## - SYSTEM CONTROL NUMBER
System control number A-742253
037 ## - SOURCE OF ACQUISITION
Source of stock number/acquisition Cen Lib/Ret
040 ## - CATALOGING SOURCE
Original cataloging agency DPL
Language of cataloging HN
082 ## - DEWEY DECIMAL CLASSIFICATION NUMBER
Classification number 827
Item number कानून
100 ## - MAIN ENTRY--PERSONAL NAME
Personal name कानूनगो, ब्रिजेश
9 (RLIN) 42466
245 ## - TITLE STATEMENT
Title पुन: पधारे /
Statement of responsibility, etc ब्रिजेश कानूनगो
246 ## - VARYING FORM OF TITLE
Title proper/short title Pun padhare /
Remainder of title by Brijesh Kanoongo
260 ## - PUBLICATION, DISTRIBUTION, ETC. (IMPRINT)
Place of publication, distribution, etc दिल्ली
Name of publisher, distributor, etc दिशा प्रकाशन
Date of publication, distribution, etc 1995
270 ## - ADDRESS
City दिल्ली
Address 138/16, त्रिनगर
Postal code 110035
300 ## - PHYSICAL DESCRIPTION
Extent 114पृ.
Dimensions 16सेमी(सजिल्द)
650 ## - SUBJECT ADDED ENTRY--TOPICAL TERM
Topical term or geographic name as entry element हिन्दी साहित्य
9 (RLIN) 47231
650 ## - SUBJECT ADDED ENTRY--TOPICAL TERM
Topical term or geographic name as entry element हिन्दी साहित्य -- कहानियां
9 (RLIN) 47232
650 ## - SUBJECT ADDED ENTRY--TOPICAL TERM
Topical term or geographic name as entry element Hindi literature
9 (RLIN) 47233
650 ## - SUBJECT ADDED ENTRY--TOPICAL TERM
Topical term or geographic name as entry element Hindi literature -- Stories
9 (RLIN) 47234
942 ## - ADDED ENTRY ELEMENTS (KOHA)
Source of classification or shelving scheme Dewey Decimal Classification
Koha item type Hindi Books
Classification part 827
Call number suffix कानून
Holdings
Withdrawn status Lost status Damaged status Not for loan Home library Current library Date acquired Source of acquisition Cost, normal purchase price Total Checkouts Full call number Barcode Date last seen Copy number Cost, replacement price Price effective from Koha item type
        Central Library Central Library 08/08/2015 Cen Lib/Ret 50.00   827 कानून A-742253 08/08/2015 1 50.00 08/08/2015 Hindi Books

© Delhi Public Library
Hit Counter
free hit counter